[Event "TCh-TUR Super League 2014"]
[Site "Kocaeli TUR"]
[Date "2014.08.21"]
[Round "4.2"]
[Board "4"]
[White "Keler, Faruk"]
[Black "Soysal, Serkan"]
[Result "1/2-1/2"]
[WhiteElo "2242"]
[BlackElo "2261"]
[WhiteTeam "Ankara Demirspor Kulubu"]
[BlackTeam "Turk Hava Yollari Spor Kulubu"]
[WhiteFideId "6302734"]
[BlackFideId "6349250"]
[EventDate "2014.08.18"]

1. d4 e6 2. c4 d5 3. Nf3 c6 4. e3 Nf6 5. b3 Nbd7 6. Bb2 Bd6 7. Bd3 Qe7 8. Ne5
Nxe5 9. dxe5 Bb4+ 10. Nd2 Nd7 11. a3 Ba5 12. O-O Bc7 13. Qh5 g6 14. Qh6 Qf8 15.
Qg5 f6 16. exf6 Bd8 17. Qg4 Nxf6 18. Qd4 Qh6 19. f4 O-O 20. Nf3 Bb6 21. c5 Bd8
22. Ne5 Qg7 23. Rf3 Nd7 24. Rg3 Nxe5 25. fxe5 Bd7 26. Qg4 Bc7 27. Qg5 Bd8 28.
Qg4 Bc7 29. Qg5 Bd8 30. Qg4 Bc7 1/2-1/2

[Event "TCh-TUR Super League 2014"]
[Site "Kocaeli TUR"]
[Date "2014.08.21"]
[Round "4.2"]
[Board "9"]
[White "Eren, Ataberk"]
[Black "Erdem, Atakan"]
[Result "1/2-1/2"]
[WhiteElo "1799"]
[BlackElo "1862"]
[WhiteTeam "Turk Hava Yollari Spor Kulubu"]
[BlackTeam "Ankara Demirspor Kulubu"]
[WhiteFideId "6349765"]
[BlackFideId "6328881"]
[EventDate "2014.08.18"]

1. d4 d5 2. c4 c6 3. Nc3 Nf6 4. Nf3 dxc4 5. a4 Bf5 6. e3 e6 7. Bxc4 Bb4 8. O-O
O-O 9. Qe2 Ne4 10. Nxe4 Bxe4 11. Ne5 Nd7 12. Nd3 Bd6 13. Bd2 Qh4 14. g3 Qf6 15.
f3 Bd5 16. b3 e5 17. Bc3 Rfe8 18. Qb2 Qe7 19. e4 Bxc4 20. bxc4 exd4 21. Bxd4 Ne5
22. Nxe5 Bxe5 23. Rfd1 f6 24. Rab1 b6 25. Bxe5 fxe5 26. Qb4 Qf6 27. Kg2 Red8 28.
a5 Rd4 29. Rxd4 exd4 30. axb6 axb6 31. Qxb6 d3 32. Qb2 Qd6 33. Rd1 Rd8 34. Rd2
h6 35. Qc3 h5 36. c5 Qd7 37. Qc4+ Kh8 38. e5 Qf5 39. e6 Qe5 40. Qe4 Qxc5 41. f4
Qa5 42. Qe3 Qd5+ 43. Kg1 Re8 44. e7 Qd6 45. Rxd3 Qxe7 46. Qxe7 Rxe7 47. Rc3 Re6
48. Kf2 g6 49. Re3 Rxe3 50. Kxe3 Kg7 51. Ke4 Kf6 52. h3 Ke6 53. g4 hxg4 54. hxg4
c5 55. Ke3 Kd5 56. Kd3 c4+ 57. Ke3 c3 58. Kd3 c2 59. Kxc2 Ke4 60. f5 gxf5 61.
gxf5 Kxf5 1/2-1/2

[Event "TCh-TUR Super League 2014"]
[Site "Kocaeli TUR"]
[Date "2014.08.21"]
[Round "4.2"]
[Board "10"]
[White "Kargaci, Humeyra"]
[Black "Kaymaz, Lena Nur"]
[Result "1/2-1/2"]
[WhiteElo "1588"]
[BlackElo "1687"]
[WhiteTeam "Ankara Demirspor Kulubu"]
[BlackTeam "Turk Hava Yollari Spor Kulubu"]
[WhiteFideId "6360980"]
[BlackFideId "6359990"]
[EventDate "2014.08.18"]

1. d4 Nf6 2. Nf3 e6 3. e3 g6 4. Bd3 Bg7 5. Nbd2 d5 6. b3 Nbd7 7. Bb2 c5 8. Ne5
O-O 9. f4 Qc7 10. O-O a6 11. a4 b6 12. Qf3 Bb7 13. Qh3 Ne4 14. Ndf3 Ndf6 15. Ng5
Qe7 16. Bxe4 dxe4 17. dxc5 Nh5 18. c6 Bc8 19. Nxe4 Qc7 20. Rac1 f6 21. Nd7 Qxc6
22. Nxf8 Qxe4 23. Nxh7 Kxh7 24. g4 e5 25. f5 Bh6 26. fxg6+ Kg7 27. Qxh5 Bxe3+
28. Rf2 Qxg4+ 29. Qxg4 Bxg4 30. Kg2 Kxg6 31. Rcf1 Bxf2 32. Rxf2 Rd8 33. Kg3 Bf5
34. Bc1 b5 35. axb5 axb5 36. h4 Be4 37. Rxf6+ Kxf6 38. Bg5+ Kg6 39. Bxd8 Bxc2
40. b4 Kh5 41. Bf6 e4 42. Kf4 Bd3 1/2-1/2

[Event "TCh-TUR Super League 2014"]
[Site "Kocaeli TUR"]
[Date "2014.08.21"]
[Round "4.3"]
[Board "1"]
[White "Inarkiev, Ernesto"]
[Black "Harikrishna, Pentala"]
[Result "1/2-1/2"]
[WhiteTitle "GM"]
[BlackTitle "GM"]
[WhiteElo "2666"]
[BlackElo "2725"]
[WhiteTeam "Denizsu Aquamatch Satranc Genclik VE Spor Kulubu"]
[BlackTeam "Istanbul Teknik Universitesi Socar – K.N.I."]
[WhiteFideId "4162722"]
[BlackFideId "5007003"]
[EventDate "2014.08.18"]

1. e4 e5 2. Nf3 Nc6 3. Bb5 a6 4. Ba4 Nf6 5. O-O Be7 6. Re1 b5 7. Bb3 d6 8. c3
O-O 9. h3 Nb8 10. d4 Nbd7 11. Nbd2 Bb7 12. Bc2 Re8 13. a4 Bf8 14. Bd3 c6 15. b3
g6 16. Bb2 exd4 17. cxd4 d5 18. Qc2 Bg7 19. Rad1 Rc8 20. Ba3 dxe4 21. Nxe4 Nxe4
22. Bxe4 Nf6 23. Bc5 Qc7 24. Ne5 Nxe4 25. Rxe4 Re6 26. Rde1 Rce8 27. b4 Bc8 28.
a5 Qb7 29. R4e2 f6 30. Nd3 Qf7 31. Qd2 Rxe2 32. Rxe2 Bf5 33. Rxe8+ Qxe8 34. Nf4
Bh6 35. d5 cxd5 36. Qxd5+ Kg7 37. Qb7+ Qf7 38. Qb8 Bxf4 39. Qxf4 Qe8 40. Bd4 Qc6
41. g4 Bd7 42. h4 Kf7 43. f3 h6 44. g5 hxg5 45. hxg5 f5 46. Kf2 Qd5 47. Qh4 Ke6
48. Qh8 Bc6 49. Qg8+ Kd7 50. Qxd5+ 1/2-1/2

[Event "TCh-TUR Super League 2014"]
[Site "Kocaeli TUR"]
[Date "2014.08.21"]
[Round "4.3"]
[Board "5"]
[White "Secer, Ata"]
[Black "Kinsiz, Onur"]
[Result "1/2-1/2"]
[WhiteTitle "FM"]
[WhiteElo "2319"]
[BlackElo "2239"]
[WhiteTeam "Denizsu Aquamatch Satranc Genclik VE Spor Kulubu"]
[BlackTeam "Istanbul Teknik Universitesi Socar – K.N.I."]
[WhiteFideId "6303293"]
[BlackFideId "6301517"]
[EventDate "2014.08.18"]

1. e4 d6 2. d4 Nf6 3. Nc3 e5 4. Nf3 Nbd7 5. Bc4 Be7 6. O-O O-O 7. Re1 c6 8. a4
a5 9. h3 exd4 10. Nxd4 Nc5 11. Nb3 Be6 12. Bxe6 Nxe6 13. Nd4 Nxd4 14. Qxd4 Nd7
15. Be3 Qc7 16. Rad1 Rad8 17. Qc4 Qb8 18. Re2 Rfe8 19. Red2 Bf8 20. Bf4 Ne5 21.
Qd4 Rc8 22. b3 Qc7 23. f3 g6 24. Qf2 Re6 25. Be3 Nd7 26. Ne2 Ree8 27. Bf4 Ne5
28. c4 Ra8 29. Kf1 Ra6 30. Be3 Nd7 31. Qg3 Ne5 32. Nf4 Raa8 33. Nd3 Qe7 34. Nxe5
dxe5 35. Qe1 Qe6 36. Qe2 b5 37. axb5 cxb5 38. cxb5 Qxb3 39. Rb2 Qe6 40. b6 Bb4
41. Qb5 Rab8 42. Rd5 Rec8 43. Qd7 Rc3 44. Bd2 Rc4 45. Bxb4 Qxd7 46. Rxd7 Rxb4
47. Ra2 a4 48. Ra7 1/2-1/2

[Event "TCh-TUR Super League 2014"]
[Site "Kocaeli TUR"]
[Date "2014.08.21"]
[Round "4.3"]
[Board "7"]
[White "Firat, Burak"]
[Black "Ipatov, Alexander"]
[Result "0-1"]
[WhiteTitle "IM"]
[BlackTitle "GM"]
[WhiteElo "2456"]
[BlackElo "2614"]
[WhiteTeam "Denizsu Aquamatch Satranc Genclik VE Spor Kulubu"]
[BlackTeam "Istanbul Teknik Universitesi Socar – K.N.I."]
[WhiteFideId "6305881"]
[BlackFideId "14116731"]
[EventDate "2014.08.18"]

1. e4 e5 2. Nf3 Nc6 3. Bb5 a6 4. Ba4 Nf6 5. O-O Be7 6. Re1 b5 7. Bb3 d6 8. c3
O-O 9. h3 Nb8 10. d4 Nbd7 11. Nbd2 Bb7 12. Bc2 Re8 13. b4 Bf8 14. Bb2 Nb6 15.
Rc1 Nfd7 16. c4 bxc4 17. a4 exd4 18. Bxd4 Ne5 19. Nxe5 dxe5 20. Bc3 Qg5 21. a5
Nc8 22. Nxc4 Na7 23. Ba4 Nb5 24. Bxb5 axb5 25. Na3 Bc8 26. Bd2 Qg6 27. Re3 c6
28. Qe2 h6 29. Qe1 h5 30. Rg3 Qd6 31. Qe2 h4 32. Rd3 Qg6 33. Kh1 f5 34. Rdc3 c5
35. Nxb5 Qf7 36. bxc5 Ba6 37. Rb1 Qa2 38. Rcb3 Rad8 39. Qc4+ Kh7 40. Bg5 Be7 41.
Bxe7 Rxe7 42. exf5 e4 43. c6 Qxf2 44. Rf1 Qa2 45. Qb4 Re5 46. Nc3 Qd2 47. Rd1
Qf2 48. Rbb1 Rxd1+ 49. Nxd1 Qf1+ 50. Kh2 Qf4+ 51. Kh1 Rb5 0-1

[Event "TCh-TUR Super League 2014"]
[Site "Kocaeli TUR"]
[Date "2014.08.21"]
[Round "4.3"]
[Board "8"]
[White "Abdumalik, Zhansaya"]
[Black "Bulmaga, Irina"]
[Result "1/2-1/2"]
[WhiteTitle "WGM"]
[BlackTitle "IM"]
[WhiteElo "2333"]
[BlackElo "2354"]
[WhiteTeam "Istanbul Teknik Universitesi Socar – K.N.I."]
[BlackTeam "Denizsu Aquamatch Satranc Genclik VE Spor Kulubu"]
[WhiteFideId "13703544"]
[BlackFideId "13903063"]
[EventDate "2014.08.18"]

1. e4 c6 2. d4 d5 3. Nd2 dxe4 4. Nxe4 Bf5 5. Ng3 Bg6 6. h4 h6 7. Nf3 Nd7 8. h5
Bh7 9. Bd3 Bxd3 10. Qxd3 e6 11. Bd2 Qc7 12. O-O-O Ngf6 13. Kb1 O-O-O 14. c4 Bd6
15. Ne2 c5 16. Qc2 a6 17. Rc1 Qc6 18. Rh4 Kb8 19. Bc3 cxd4 20. Nexd4 Qxc4 21.
Nf5 Qc5 22. Ne3 Nd5 23. Qd2 Nxe3 24. fxe3 Nf6 25. Be5 Qb6 26. Rb4 Bxe5 27. Rxb6
Rxd2 28. Nxd2 Nxh5 29. Ne4 Ka7 30. Rb3 Rd8 31. Nc5 b6 32. Nd3 Bg3 33. Nb4 Kb7
34. a4 Nf6 35. a5 Rd6 36. Ra3 Ne4 37. Ka2 b5 38. Rd3 Rxd3 39. Nxd3 Bd6 40. Rf1
f5 41. Rc1 Nf6 42. Kb3 Ne4 43. Kc2 Kc6 44. Kd1+ Kd7 45. Ke2 g5 46. Rd1 Kc6 47.
Rc1+ Kd7 48. Rd1 Kc6 49. Rc1+ Kb7 50. Nf2 Nxf2 51. Kxf2 h5 52. g3 h4 53. gxh4
gxh4 54. Kg2 Bc7 55. e4 fxe4 56. Re1 Kc6 57. Rxe4 Kd5 58. Rxh4 Bxa5 59. Kf3 Bb6
60. b4 Bd4 61. Rh2 e5 62. Rc2 Bb6 63. Rc8 a5 64. Rb8 Kc6 65. bxa5 Bxa5 66. Ke4
Bc7 67. Ra8 b4 68. Ra1 Kb5 69. Rc1 Bd6 70. Kd5 Bb8 71. Rc8 Ba7 72. Kxe5 b3 73.
Rc3 1/2-1/2

[Event "TCh-TUR Super League 2014"]
[Site "Kocaeli TUR"]
[Date "2014.08.21"]
[Round "4.4"]
[Board "1"]
[White "Yilmaz, Mustafa"]
[Black "Mamedov, Nidjat"]
[Result "1-0"]
[WhiteTitle "GM"]
[BlackTitle "GM"]
[WhiteElo "2569"]
[BlackElo "2624"]
[WhiteTeam "Hatay Buyuksehir Belediye Genclik VE Spor Kulubu"]
[BlackTeam "Mersin Ezgi Satranc Kulubu"]
[WhiteFideId "6302718"]
[BlackFideId "13400819"]
[EventDate "2014.08.18"]

1. d4 g6 2. c4 Bg7 3. Nc3 Nf6 4. e4 d6 5. Nf3 O-O 6. h3 e5 7. d5 a5 8. g4 Na6 9.
Be3 Kh8 10. Rg1 Nc5 11. Nd2 c6 12. Be2 a4 13. g5 Ne8 14. h4 Qa5 15. a3 f6 16.
Qc2 fxg5 17. hxg5 Nc7 18. O-O-O cxd5 19. cxd5 b5 20. Bxc5 dxc5 21. d6 Ne6 22.
Bxb5 Qd8 23. Qd3 Nd4 24. Rh1 Qxd6 25. Bc4 Bg4 26. f3 Bh5 27. Rh3 Rab8 28. Nd5
Qd7 29. Rdh1 Qb7 30. Qc3 Nxf3 31. Nxf3 Rxf3 32. Rxf3 Bxf3 33. Qxf3 Qxb2+ 34. Kd1
Qd4+ 35. Bd3 Rb1+ 36. Ke2 Qb2+ 37. Ke3 Rxh1 38. Qxh1 c4 39. Be2 Qxa3+ 40. Kf2
Qc5+ 41. Kf3 Qf8+ 42. Kg2 a3 43. Bxc4 Qc8 44. Ne3 Qd8 45. Qh4 h5 46. Bd5 Bh6 47.
Nc2 Bxg5 48. Qg3 Qf6 49. Qxa3 Bf4 50. Ne1 Kg7 51. Nf3 g5 52. Qa8 Be3 53. Qa3 Bf4
54. Qa7+ Kh6 55. Qb8 Be3 56. Qxe5 Qxe5 57. Nxe5 Bf4 58. Nd3 Bc7 59. e5 Kg6 60.
e6 Kf6 61. Nc5 1-0

[Event "TCh-TUR Super League 2014"]
[Site "Kocaeli TUR"]
[Date "2014.08.21"]
[Round "4.4"]
[Board "3"]
[White "Kazhgaleyev, Murtas"]
[Black "Ataman, Alper Efe"]
[Result "1/2-1/2"]
[WhiteTitle "GM"]
[BlackTitle "FM"]
[WhiteElo "2563"]
[BlackElo "2141"]
[WhiteTeam "Hatay Buyuksehir Belediye Genclik VE Spor Kulubu"]
[BlackTeam "Mersin Ezgi Satranc Kulubu"]
[WhiteFideId "13700316"]
[BlackFideId "6301606"]
[EventDate "2014.08.18"]

1. d4 g6 2. c4 Bg7 3. e4 d6 4. Nc3 e5 5. Nge2 Nd7 6. g3 Ngf6 7. Bg2 O-O 8. O-O
exd4 9. Nxd4 Re8 10. h3 a6 11. Be3 Rb8 12. a4 Ne5 13. b3 Bd7 14. f4 Nc6 15. Nde2
Nb4 16. Ba7 Ra8 17. Bd4 c5 18. Bxf6 Qxf6 19. Qd2 Bc6 20. Rad1 Rad8 21. Kh2 Qe7
22. g4 b6 23. Ng3 Qb7 24. g5 Qb8 25. h4 b5 26. h5 bxc4 27. bxc4 Rd7 28. Rde1
Rde7 29. e5 Bxg2 30. Qxg2 dxe5 31. f5 Rd7 32. fxg6 hxg6 33. hxg6 fxg6 34. Nge4
Rd3 35. Rd1 Rxc3 36. Nf6+ Bxf6 37. gxf6 Rc2 38. Rd2 Rxd2 39. Qxd2 e4+ 40. Kh1
Re5 41. f7+ Kg7 42. f8=Q+ Qxf8 43. Rxf8 Rh5+ 44. Kg1 Kxf8 45. Qf4+ Rf5 46. Qxe4
Kf7 47. Qh4 Rh5 48. Qd8 Rf5 49. Kg2 Kg7 50. Kg3 Rh5 51. Qe7+ Kg8 52. Qf6 Kh7 53.
Qf7+ Kh6 54. Qf8+ Kh7 55. Qf7+ Kh6 56. Qg8 Rg5+ 57. Kf3 Rf5+ 58. Ke4 Kh5 59.
Qh8+ Kg5 60. Ke3 Nc6 61. Qh2 Nb4 62. Qc7 Kf6 63. Ke4 Kg5 64. Qd8+ Kh6 65. Qg8
Kh5 66. Qh7+ Kg5 67. Qh8 Nc6 68. Ke3 Nb4 69. Qd8+ Kh6 70. Qh4+ Kg7 71. Qh2 Kf6
72. Ke4 Kg7 73. Qh4 Kf7 74. Qh7+ Kf6 75. Qh4+ Kg7 76. Qh2 Kf7 77. Qh8 Rh5 78.
Qc8 Rf5 79. Qc7+ Kf6 80. a5 Kg5 81. Qd8+ Kh6 82. Qh8+ Kg5 83. Qd8+ Kh6 84. Qd2+ 1/2-1/2

[Event "TCh-TUR Super League 2014"]
[Site "Kocaeli TUR"]
[Date "2014.08.21"]
[Round "4.4"]
[Board "4"]
[White "Sengul, Cengiz"]
[Black "Gulbas, Cemil"]
[Result "1/2-1/2"]
[BlackTitle "IM"]
[WhiteElo "2201"]
[BlackElo "2365"]
[WhiteTeam "Mersin Ezgi Satranc Kulubu"]
[BlackTeam "Hatay Buyuksehir Belediye Genclik VE Spor Kulubu"]
[WhiteFideId "6302785"]
[BlackFideId "201820"]
[EventDate "2014.08.18"]

1. d4 d5 2. Nf3 Nf6 3. c4 c6 4. Nbd2 Bf5 5. Nh4 Bg4 6. h3 Bh5 7. Qb3 Qb6 8. Qxb6
axb6 9. g4 Bg6 10. Nxg6 hxg6 11. Bg2 e6 12. O-O Bb4 13. cxd5 cxd5 14. Nf3 Nc6
15. Bf4 Ke7 16. Rfc1 Rhc8 17. Rc2 Ne4 18. a3 Bd6 19. Be3 f5 20. Rd1 Nf6 21. Bg5
Kf7 22. Bc1 Ke7 23. Nh4 Nxd4 24. Rxc8 Rxc8 25. Be3 Nxe2+ 26. Kf1 f4 27. Kxe2
fxe3 28. fxe3 g5 29. Nf3 Ne4 30. Nd4 Ng3+ 31. Kd3 Be5 32. b3 Rf8 33. Nf3 Bd6 34.
Nxg5 Bxa3 35. e4 Rf2 36. Rd2 Rxd2+ 37. Kxd2 Kf6 38. h4 Ke5 39. exd5 exd5 40. Ke3
Bc5+ 41. Kf3 Ne4 42. Nxe4 dxe4+ 43. Ke2 Kf4 44. g5 g6 45. Bh1 b5 46. Bg2 b6 47.
Bh1 Kf5 48. Bg2 Bg1 49. Bh3+ Ke5 50. Bd7 b4 51. Be8 Kf5 52. Bd7+ Ke5 1/2-1/2

[Event "TCh-TUR Super League 2014"]
[Site "Kocaeli TUR"]
[Date "2014.08.21"]
[Round "4.4"]
[Board "5"]
[White "Buyukasik, Diyap"]
[Black "Hajiyev, Shahin"]
[Result "1/2-1/2"]
[WhiteElo "2165"]
[BlackElo "2014"]
[WhiteTeam "Hatay Buyuksehir Belediye Genclik VE Spor Kulubu"]
[BlackTeam "Mersin Ezgi Satranc Kulubu"]
[WhiteFideId "6319602"]
[BlackFideId "13401238"]
[EventDate "2014.08.18"]

1. Nf3 d5 2. g3 c6 3. Bg2 Bg4 4. O-O Nd7 5. c4 e6 6. d3 Ngf6 7. cxd5 cxd5 8. Nc3
Be7 9. h3 Bxf3 10. Bxf3 O-O 11. Bg2 Qb6 12. Rb1 Rfc8 13. Bd2 a6 14. b4 Qd8 15.
Qb3 b5 16. e3 Nb6 17. Ne2 Ra7 18. f4 Rac7 19. Nd4 Ne8 20. Rbc1 Bf6 21. Nf3 Nd6
22. g4 g6 23. Ne5 Na4 24. Rxc7 Rxc7 25. Rc1 Rxc1+ 26. Bxc1 Qc7 27. Bd2 g5 28.
Kf2 gxf4 29. exf4 Ne8 30. Nf3 Bc3 31. Qc2 Qa7+ 32. Ke2 d4 33. Be1 Nf6 34. Ne5
Bxe1 35. Qc8+ Kg7 36. Kxe1 Qe7 37. a3 Nc3 38. Qc5 Qxc5 39. bxc5 Ncd5 40. g5 Ne8
41. Bxd5 exd5 42. Nc6 f6 43. gxf6+ Kxf6 44. Nxd4 Nc7 45. Kd2 a5 46. Kc3 h5 47.
c6 Ke7 48. Kb3 Kd6 49. a4 b4 50. f5 Ke5 51. Nb5 Na8 52. c7 Nb6 53. Na7 Kxf5 54.
c8=Q+ Nxc8 55. Nxc8 Kg5 56. Ne7 Kh4 57. Nxd5 Kxh3 58. Ne3 Kg3 59. d4 Kf4 60. d5
Ke5 61. Kc4 h4 62. Ng4+ Kd6 63. Nf2 Kd7 64. Nh3 Kd6 65. Nf4 Kd7 66. Nh3 Kd6 67.
Nf4 Kd7 68. Nh3 1/2-1/2

[Event "TCh-TUR Super League 2014"]
[Site "Kocaeli TUR"]
[Date "2014.08.21"]
[Round "4.4"]
[Board "6"]
[White "Kaya, Emel"]
[Black "Batsiashvili, Nino"]
[Result "0-1"]
[WhiteTitle "WCM"]
[BlackTitle "IM"]
[WhiteElo "2000"]
[BlackElo "2435"]
[WhiteTeam "Mersin Ezgi Satranc Kulubu"]
[BlackTeam "Hatay Buyuksehir Belediye Genclik VE Spor Kulubu"]
[WhiteFideId "6306411"]
[BlackFideId "13602993"]
[EventDate "2014.08.18"]

1. e4 c6 2. c4 d5 3. exd5 cxd5 4. cxd5 Nf6 5. Nc3 Nxd5 6. Nf3 Nxc3 7. bxc3 g6 8.
d4 Bg7 9. Bd3 O-O 10. O-O Nc6 11. Re1 b6 12. Bg5 Re8 13. Bc4 Na5 14. Bb5 Bd7 15.
a4 Bxb5 16. axb5 Rc8 17. Qd3 Qd7 18. Bf4 Qf5 19. Qxf5 gxf5 20. Re3 e6 21. Ne5
Re7 22. Nc6 Nxc6 23. bxc6 Rxc6 24. Ra6 Rd7 25. Kf1 Rc8 26. Ke2 h5 27. Kd3 Bf6
28. Re2 Kg7 29. g3 Kg6 30. h4 Bg7 31. Re1 Re8 32. Kc4 f6 33. Rea1 e5 34. Be3
Rc8+ 35. Kb3 Rcc7 36. d5 f4 37. gxf4 e4 38. c4 Bf8 39. Rg1+ Kf5 40. Rg8 Bd6 41.
Kc3 b5 42. Rc6 bxc4 43. Kxc4 Bxf4 44. Bxf4 Kxf4 45. Rg3 Ke5 46. Rg6 Rxc6+ 47.
dxc6 Rd2 48. Rg3 Kd6 49. Re3 f5 50. f3 Rd3 0-1

[Event "TCh-TUR Super League 2014"]
[Site "Kocaeli TUR"]
[Date "2014.08.21"]
[Round "4.4"]
[Board "8"]
[White "Ibrahimova, Sabina"]
[Black "Abdimanoglu, Beste Basak"]
[Result "1-0"]
[WhiteTitle "WIM"]
[WhiteElo "2263"]
[BlackElo "1872"]
[WhiteTeam "Mersin Ezgi Satranc Kulubu"]
[BlackTeam "Hatay Buyuksehir Belediye Genclik VE Spor Kulubu"]
[WhiteFideId "13403893"]
[BlackFideId "6300286"]
[EventDate "2014.08.18"]

1. e4 d6 2. d4 g6 3. Nc3 Bg7 4. Be3 a6 5. a4 b6 6. Bc4 Nf6 7. Nf3 O-O 8. h3 Bb7
9. e5 Ne4 10. Nxe4 Bxe4 11. O-O d5 12. Bb3 Bxf3 13. Qxf3 e6 14. c4 c6 15. Qg4
Qe7 16. cxd5 cxd5 17. Rac1 Qb4 18. Rc3 Nc6 19. Rd3 Na5 20. Bd2 Qe7 21. h4 h5 22.
Qg3 Nc4 23. Bc1 Rac8 24. Bd1 Nxe5 25. Bg5 f6 26. Bxf6 Qxf6 27. dxe5 Qf5 28. Rf3
Qe4 29. Re3 Qf5 30. Be2 Kh7 31. Bd3 Qg4 32. Qxg4 hxg4 33. h5 Rf4 34. hxg6+ Kh6
35. g3 Rxa4 36. Kg2 Rh8 37. Rh1+ Kg5 38. Rh7 Rg8 39. Re1 Rb4 40. Reh1 Re4 41.
Bxe4 dxe4 42. Ra1 a5 43. Ra4 Kxg6 44. Rh1 Kf5 45. b4 axb4 46. Rxb4 Rb8 47. Re1
Bxe5 48. Rbxe4 Bh8 49. Rf4+ Kg5 50. Rxe6 b5 51. Ree4 Bc3 52. Rxg4+ Kf5 53. Ref4+
Ke5 54. Rg5+ Ke6 55. Rff5 b4 56. Rb5 Ra8 57. Rg6+ Kf7 58. Rgb6 Ra4 59. f4 Ra2+
60. Kf3 1-0

[Event "TCh-TUR Super League 2014"]
[Site "Kocaeli TUR"]
[Date "2014.08.21"]
[Round "4.4"]
[Board "9"]
[White "Temizkan, Denizcan"]
[Black "Oner, Oguz"]
[Result "1/2-1/2"]
[WhiteTitle "CM"]
[WhiteElo "1972"]
[BlackElo "1787"]
[WhiteTeam "Hatay Buyuksehir Belediye Genclik VE Spor Kulubu"]
[BlackTeam "Mersin Ezgi Satranc Kulubu"]
[WhiteFideId "6325157"]
[BlackFideId "6329330"]
[EventDate "2014.08.18"]

1. d4 d5 2. c4 e6 3. Nc3 Nf6 4. Bg5 Be7 5. Nf3 O-O 6. e3 h6 7. Bh4 b6 8. Be2 Bb7
9. O-O Nbd7 10. cxd5 Nxd5 11. Bg3 c5 12. Rc1 cxd4 13. Nxd5 Bxd5 14. Bc7 Qc8 15.
Bxb6 Qb7 16. Bxd4 Bxa2 17. Qa4 Bb3 18. Qa6 Qxa6 19. Bxa6 Nb6 20. Nd2 Ba4 21. Ra1
Bd7 22. Bb7 Rad8 23. Rxa7 Bb5 24. Rfa1 Bf6 25. Bxf6 gxf6 26. Ne4 f5 27. Nf6+ Kh8
28. Bf3 Nc4 29. Rb7 Nd6 30. Rb6 Bd3 31. b3 Ne4 32. Nxe4 fxe4 33. Bh5 Rd5 34. Bg4
Rfd8 35. Rb7 h5 36. Bxh5 Rxh5 37. Rxf7 Bc2 38. g4 Rg5 39. h3 Bxb3 40. Kg2 Rg7
41. Rf6 Kg8 42. Rb1 Bd5 43. Kg3 Rc7 44. h4 Rf7 45. Rf4 Rdf8 46. g5 Kg7 47. h5
Bc4 48. Rb6 Rf5 49. Rb7+ Kg8 50. Rxf5 Rxf5 51. Rb8+ Kh7 52. Rb7+ Kg8 53. Rb8+
Kh7 54. Rb7+ 1/2-1/2

[Event "TCh-TUR Super League 2014"]
[Site "Kocaeli TUR"]
[Date "2014.08.21"]
[Round "4.3"]
[Board "6"]
[White "Asan, Elvan"]
[Black "Patel, Yesim"]
[Result "0-1"]
[BlackTitle "WCM"]
[WhiteElo "1821"]
[BlackElo "1882"]
[WhiteTeam "Istanbul Teknik Universitesi Socar – K.N.I."]
[BlackTeam "Denizsu Aquamatch Satranc Genclik VE Spor Kulubu"]
[WhiteFideId "6312209"]
[BlackFideId "6300200"]
[EventDate "2014.08.18"]

1. e4 c5 2. Nf3 Nc6 3. d3 g6 4. g3 Bg7 5. Bg2 e5 6. c3 Nge7 7. O-O O-O 8. Be3 d6
9. Na3 Rb8 10. Nc2 b5 11. a3 a5 12. b4 cxb4 13. axb4 axb4 14. cxb4 f5 15. Na3 h6
16. Qb3+ Kh7 17. Rac1 Bd7 18. Bd2 g5 19. Bxg5 hxg5 20. Nxg5+ Kg6 21. f4 Nd4 22.
Qa2 Bh6 23. Nf3 Nxf3+ 24. Rxf3 Rc8 25. Rcf1 Qb6+ 26. Kh1 Bg7 27. g4 fxg4 28. f5+
Kh7 29. Rg3 Nxf5 30. exf5 Bxf5 31. h3 Bg6 32. hxg4 Rxf1+ 33. Bxf1 Bf8 34. Rh3+
Kg7 35. Qe6 Qc6+ 36. Kh2 Re8 37. Qa2 Qc1 38. Rf3 Be7 39. Nxb5 Rh8+ 40. Kg2 Qh6
41. Kf2 Qh4+ 42. Rg3 Rf8+ 43. Kg2 Rxf1 0-1

[Event "TCh-TUR Super League 2014"]
[Site "Kocaeli TUR"]
[Date "2014.08.21"]
[Round "4.3"]
[Board "9"]
[White "Tuncer, Tuna"]
[Black "Sanal, Vahap"]
[Result "0-1"]
[BlackTitle "IM"]
[WhiteElo "1996"]
[BlackElo "2473"]
[WhiteTeam "Denizsu Aquamatch Satranc Genclik VE Spor Kulubu"]
[BlackTeam "Istanbul Teknik Universitesi Socar – K.N.I."]
[WhiteFideId "6349269"]
[BlackFideId "6300545"]
[EventDate "2014.08.18"]

1. e4 e5 2. Nf3 Nc6 3. Bb5 a6 4. Ba4 Nf6 5. O-O Be7 6. Re1 b5 7. Bb3 O-O 8. c3
d6 9. h3 Nb8 10. d4 Nbd7 11. Nbd2 Bb7 12. Bc2 Re8 13. Nf1 Bf8 14. Ng3 g6 15. a4
c6 16. Bg5 Bg7 17. Qd2 Qe7 18. dxe5 dxe5 19. Qe2 Nf8 20. Nd2 Ne6 21. Be3 Qc7 22.
Nb3 Bf8 23. Red1 h5 24. Qf3 Be7 25. Nc5 Nxc5 26. Bxc5 Bxc5 27. Qxf6 Re6 28. Qf3
Kg7 29. Rd2 Rf6 30. Qd1 Qb6 31. Qe1 Rd8 32. Rad1 Rxd2 33. Rxd2 b4 34. Nf1 bxc3
35. bxc3 Qb2 36. Qb1 Qxc3 37. Qxb7 Bxf2+ 38. Rxf2 Qd4 39. Kh2 Rxf2 40. Qb1 h4
41. Bd3 a5 42. Qd1 Ra2 43. Be2 Qb2 44. Bf3 Qf2 45. Qb3 Ra1 46. Qc3 Rxf1 47.
Qxe5+ Kh7 0-1

[Event "TCh-TUR Super League 2014"]
[Site "Kocaeli TUR"]
[Date "2014.08.21"]
[Round "4.3"]
[Board "10"]
[White "Hereklioglu, Sude"]
[Black "Vatansever, Buse"]
[Result "0-1"]
[WhiteTitle "WCM"]
[WhiteElo "1846"]
[BlackElo "1686"]
[WhiteTeam "Istanbul Teknik Universitesi Socar – K.N.I."]
[BlackTeam "Denizsu Aquamatch Satranc Genclik VE Spor Kulubu"]
[WhiteFideId "6359531"]
[BlackFideId "6324746"]
[EventDate "2014.08.18"]

1. e4 c6 2. d4 d5 3. exd5 cxd5 4. c4 Nf6 5. Nc3 Nc6 6. Nf3 g6 7. cxd5 Nxd5 8.
Qb3 e6 9. Bc4 Na5 10. Qa4+ Bd7 11. Bb5 Nc6 12. Nxd5 exd5 13. O-O a6 14. Re1+ Be7
15. Bxc6 Bxc6 16. Qa3 f6 17. Ng5 h6 18. Nf3 Kf7 19. Qe3 Qd7 20. Nh4 Bb4 21. Bd2
Bxd2 22. Qxd2 Qg4 23. Nf3 h5 24. h3 Qd7 25. Qf4 Kg7 26. Re3 Rhe8 27. g4 hxg4 28.
hxg4 g5 29. Qg3 Re4 30. Rxe4 dxe4 31. Nd2 Qxd4 32. Qc7+ Qd7 33. Qxd7+ Bxd7 34.
Nxe4 Bxg4 35. Rc1 Bf3 36. Rc7+ Kg6 37. Nc5 Rh8 0-1